Plastering plain and decorative (Record no. 101998)

MARC details
000 -LEADER
fixed length control field 00913cam a2200253 4500
008 - FIXED-LENGTH DATA ELEMENTS--GENERAL INFORMATION
fixed length control field 020415n1998 000 0 eng u
020 ## - INTERNATIONAL STANDARD BOOK NUMBER
International Standard Book Number 1873394306
035 ## - SYSTEM CONTROL NUMBER
System control number (Sirsi) u117482
041 ## - LANGUAGE CODE
Language code of text/sound track or separate title eng.
050 ## - LIBRARY OF CONGRESS CALL NUMBER
Classification number 693.6
100 ## - MAIN ENTRY--PERSONAL NAME
Personal name Millar, W.
245 ## - TITLE STATEMENT
Title Plastering plain and decorative
260 ## - PUBLICATION, DISTRIBUTION, ETC.
Place of publication, distribution, etc. Donhead
Name of publisher, distributor, etc. Donhead
Date of publication, distribution, etc. 1998
300 ## - PHYSICAL DESCRIPTION
Extent 760p.
Other physical details ill.
Dimensions 28cm.
350 ## - PRICE (NR) (BK AM CF MU VM SE) [OBSOLETE]
Price 95.00
520 ## - SUMMARY, ETC.
Summary, etc. First published in 1897, this text presents a comprehensive coverage of traditional plasterwork, including everything from plain lime plastering through to hand modelling and cast plasterwork. Offers a useful record of a craftsman's intimate knowledge of these traditional materials and techniques.
650 ## - SUBJECT ADDED ENTRY--TOPICAL TERM
Topical term or geographic name entry element PLASTERING
650 ## - SUBJECT ADDED ENTRY--TOPICAL TERM
Topical term or geographic name entry element PLASTER
650 ## - SUBJECT ADDED ENTRY--TOPICAL TERM
Topical term or geographic name entry element CRAFTSMANSHIP
650 ## - SUBJECT ADDED ENTRY--TOPICAL TERM
Topical term or geographic name entry element PLASTERWORK
650 ## - SUBJECT ADDED ENTRY--TOPICAL TERM
Topical term or geographic name entry element BUILT ENVIRONMENT-BUILDING MATERIALS
690 ## - LOCAL SUBJECT ADDED ENTRY--TOPICAL TERM (OCLC, RLIN)
Topical term or geographic name as entry element BUILT ENVIRONMENT
942 ## - ADDED ENTRY ELEMENTS (KOHA)
Suppress in OPAC 0
Holdings
Withdrawn status Lost status Source of classification or shelving scheme Damaged status Not for loan Home library Current library Shelving location Date acquired Cost, normal purchase price Total Checkouts Full call number Barcode Date last seen Date last checked out Copy number Cost, replacement price Price effective from Koha item type
    Dewey Decimal Classification     London London Folio 07/05/2002 80.75 8 F693.6 MIL 30065811 06/08/2019 13/01/2009 1 80.75 06/08/2019 Book